Un viaje de siete días con Thomas Merton

Guardado en:
Detalles Bibliográficos
Autor principal: Waal, Esther de (Autor)
Formato: Libro
Lenguaje:español
Publicado: Buenos Aires Lumen 1995
Colección:Colección Nuevos Horizontes
Materias:
Etiquetas: Agregar Etiqueta
Sin Etiquetas, Sea el primero en etiquetar este registro!

MARC

LEADER 00000nam a2200000 a 4500
001 UCP4201
003 CL-VaPUC
005 20231113155232.0
008 990724e19950000AG |||||||||||||||||spa|d
999 |c 282251  |d 282249 
040 |c Pontificia Universidad Católica de Valparaíso 
082 0 4 |a 248.2  |b WAA  |2 21 
100 0 |a Waal, Esther de  |e author  |9 431680 
245 1 3 |a Un viaje de siete días con Thomas Merton 
260 |a Buenos Aires  |b Lumen  |c 1995 
300 |a 132 p 
490 0 |a Colección Nuevos Horizontes 
583 |a last modification  |c 19990724 00:00:00  |k Rodrigo Vera 
600 |a Merton, Thomas,  |d 1915-1968  |9 865100 
650 0 |a Literatura cristiana  |9 402861 
650 0 |a Espiritualidad   |9 267331 
650 0 |a Dios   |9 266622 
650 7 |a REFLEXIONES  |2 CL-VaPUC  |9 399754 
942 |c BK  |2 ddc 
945 |d 19990724 00:00:00  |a vberengu 
952 |0 0  |1 0  |4 0  |6 248_200000000000000_WAA_1995  |7 0  |8 A  |9 323823  |a BIBGIM  |b BIBGIM  |d 2019-11-20  |i 3488322  |o 248.2 WAA 1995  |p 3488322  |r 2025-01-15  |w 2019-11-20  |y BK  |k ORI